ভাসানী : (Record no. 9348)
[ view plain ]
| 000 -LEADER | |
|---|---|
| fixed length control field | 00797nam a2200217 a 4500 |
| 001 - CONTROL NUMBER | |
| JCCL Control Number | 9348 |
| 003 - CONTROL NUMBER IDENTIFIER | |
| JCCL marc code | BD-JhCC |
| 005 - DATE AND TIME OF LATEST TRANSACTION | |
| control field | 20180529095237.0 |
| 008 - FIXED-LENGTH DATA ELEMENTS--GENERAL INFORMATION | |
| fixed length control field | 180313s1986 bg |||| ||a| 000 0 ben d |
| 035 ## - SYSTEM CONTROL NUMBER | |
| system control number | (BD-JhCC)9348 |
| 040 ## - CATALOGING SOURCE | |
| Original cataloging agency | BD-JhCC |
| Modifying agency | BD-JhCC |
| 041 ## - LANGUAGE CODE | |
| Language code of Book | ben |
| 082 ## - DEWEY DECIMAL CLASSIFICATION NUMBER | |
| Classification number | 923 |
| Author mark and Year | MOK 1986 |
| 100 ## - MAIN ENTRY--PERSONAL NAME | |
| Personal name | মকসুদ, সৈয়দ আবুল |
| 245 ## - TITLE STATEMENT | |
| Title | ভাসানী : |
| Remainder of title | মাওলানা আবদুল হামিদ খান ভাসানীর জীবন, কর্ম কান্ড, রাজনীতি ও দর্শন / |
| Statement of responsibility, etc | সৈয়দ আবুল মকসুদ, |
| 260 ## - PUBLICATION, DISTRIBUTION, ETC. (IMPRINT) | |
| Place of publication, distribution, etc | ঢাকা : |
| Name of publisher, distributor, etc | ষ্টুডেন্ট ওয়েজ |
| Date of publication, distribution, etc | 1986 |
| 300 ## - PHYSICAL DESCRIPTION | |
| Pagination | 527 p. : |
| Dimensions | 20 cm. |
| 650 ## - SUBJECT ADDED ENTRY--TOPICAL TERM | |
| Topical term or geographic name as entry element | Biography |
| 942 ## - ADDED ENTRY ELEMENTS (KOHA) | |
| Source of classification or shelving scheme | Dewey Decimal Classification |
| Koha item type | Books |
| Source of classification or shelving scheme | volume number | Damaged status | Not for loan | Home library | Current library | Shelving location | Date of accession | Cost, normal purchase price | Total Checkouts | Full call number | Barcode | Date last seen | Copy number | Koha item type |
|---|---|---|---|---|---|---|---|---|---|---|---|---|---|---|
| Dewey Decimal Classification | V-1 | JCC Rouf Library | JCC Rouf Library | General Stacks | 03/13/2018 | 150.00 | 923 MOK 1986 | 12086 | 03/13/2018 | C-1 | Books |